Felavatták Révai József emléktábláját
Elmentve itt :
| Dokumentumtípus: | Cikk |
|---|---|
| Megjelent: |
1968-11-23
|
| Sorozat: | Délmagyarország
58 No. 275 |
| Kulcsszavak: | Révai József, Hantos János, Emléktábla avatás Szeged 1968 |
| Online Access: | http://dmarchiv.bibl.u-szeged.hu/63120 |
| LEADER | 00463nab a2200145 i 4500 | ||
|---|---|---|---|
| 001 | delm63120 | ||
| 005 | 20180927151259.0 | ||
| 008 | 180927s1968 hu o 0|| hun d | ||
| 040 | |a SZTE Délmagyarország Archívum |b hun | ||
| 041 | |a hun | ||
| 245 | 0 | 0 | |a Felavatták Révai József emléktábláját |h [elektronikus dokumentum] |
| 260 | |c 1968-11-23 | ||
| 300 | |a 3 | ||
| 490 | 0 | |a Délmagyarország |v 58 No. 275 | |
| 695 | |a Révai József, Hantos János, Emléktábla avatás Szeged 1968 | ||